Tumulutuous Three Decades: (Record no. 213854)
[ view plain ]
| 000 -LEADER | |
|---|---|
| fixed length control field | 00598nam a22002057a 4500 |
| 005 - DATE AND TIME OF LATEST TRANSACTION | |
| control field | 20251205110035.0 |
| 010 ## - LCCN (DPL NO) | |
| LC control number | ENG-147239 |
| 020 ## - INTERNATIONAL STANDARD BOOK NUMBER | |
| Terms of availability | 150.00 |
| International Standard Book Number | 9789384162658 |
| 035 ## - SYSTEM CONTROL NUMBER | |
| System control number | EN-130771 |
| 037 ## - SOURCE OF ACQUISITION | |
| Source of stock number/acquisition | DBAD |
| 082 ## - DEWEY DECIMAL CLASSIFICATION NUMBER | |
| Classification number | 335.4 |
| 245 ## - TITLE STATEMENT | |
| Title | Tumulutuous Three Decades: |
| Remainder of title | Writings of an Eminent Marxist/ |
| 250 ## - EDITION STATEMENT | |
| Edition statement | 1 |
| 260 ## - PUBLICATION, DISTRIBUTION, ETC. (IMPRINT) | |
| Place of publication, distribution, etc | Hyderabad |
| Name of publisher, distributor, etc | Prajasakti Book House |
| Date of publication, distribution, etc | 2013 |
| 270 ## - ADDRESS | |
| Address | M.H. Bhavan, Plot No.21/1, Azamabad |
| City | Hyderabad |
| Postal code | 500020 |
| 300 ## - PHYSICAL DESCRIPTION | |
| Extent | 343p. |
| Dimensions | 22cm(pb) |
| 490 ## - SERIES STATEMENT | |
| Volume number/sequential designation | 1 |
| 500 ## - GENERAL NOTE | |
| General note | M Basavapunnaiah Selected Writings |
| 942 ## - ADDED ENTRY ELEMENTS (KOHA) | |
| Source of classification or shelving scheme | Dewey Decimal Classification |
| Item type | English Books |
| Call number suffix | TUM |
| Classification part | 335.4 |
| Withdrawn status | Lost status | Not for loan | Collection code | Home library | Current library | Date acquired | Source of acquisition | Cost, normal purchase price | Full call number | Barcode | Copy number | Cost, replacement price | Koha item type |
|---|---|---|---|---|---|---|---|---|---|---|---|---|---|
| Non-fiction | Mobile Library | Mobile Library | 05/12/2025 | Delivery of Books Act Division | 300.00 | TUM 335.4 | EN-130771 | 1 | 300.00 | English Books |
